Miṣr fī al-ʻaṣr al-ʻUthmānī fī al-qarn al-sādis ʻashr : dirāsah wathāʼiqīyah fī al-nuẓum al-idāriȳah wa-al-ʻaskarīyah wa-al-mālīyah wa-al-qaḍāʼīyah /
Egypt ; state affairs Ottoman empire; 16th cent., a documentary study.
Main Author:
Format: Book
Language: Arabic
Published:
al-Qāhirah :
Maktabat Madbūlī,
1997.
Series:
Ṣafaḥāt min tārīkh Miṣr ;
38.
Subjects:
Tags: Add Tag
Call Number: DT97 .S39 1997
| LEADER | 01560nam a2200277Ia 4500 | ||
|---|---|---|---|
| 003 | OSt | ||
| 005 | 20230612130205.0 | ||
| 008 | 130303s1997 ua ab b 000 0 ara d | ||
| 952 | |0 0 |1 0 |2 lcc |4 0 |6 DT0097 S39 01997 |7 1 |9 49024 |a ARCE |b ARCE |d 2023-06-12 |l 0 |o DT97 .S39 1997 |p 1024744 |r 2023-06-12 00:00:00 |w 2023-06-12 |y BK | ||
| 999 | |c 27190 |d 27190 | ||
| 040 | |c ARCE Library | ||
| 043 | |a f-ua--- | ||
| 050 | 4 | |a DT97 .S39 1997 | |
| 100 | 1 | |6 880-01 |a Mahmud, Muhammed es-Seyyid, |e author | |
| 245 | 1 | 0 | |6 880-02 |a Miṣr fī al-ʻaṣr al-ʻUthmānī fī al-qarn al-sādis ʻashr : |b dirāsah wathāʼiqīyah fī al-nuẓum al-idāriȳah wa-al-ʻaskarīyah wa-al-mālīyah wa-al-qaḍāʼīyah / |c Sayyid Muḥammad al-Sayyid. |
| 264 | 1 | |a al-Qāhirah : |b Maktabat Madbūlī, |c 1997. | |
| 300 | |a 491 pages : |b illustrations, map ; |c 23 cm. | ||
| 490 | 1 | |a Ṣafaḥāt min tārīkh Miṣr ; |v 38. | |
| 504 | |a Includes bibliographical references (p.467-479). | ||
| 520 | |a Egypt ; state affairs Ottoman empire; 16th cent., a documentary study. | ||
| 651 | 0 | |a Egypt |x History |y 1517-1882. | |
| 830 | 0 | |a Ṣafaḥāt min tārīkh Miṣr ; |v 38. | |
| 880 | 1 | |6 100-01/(3/r |a محمود، محمد السيد | |
| 880 | 1 | 0 | |6 245-02/(3/r |a مصر في العصر العثماني فى القرن السادس عشر : |b دراسة وثائقية فى النظم الادارية و العسكرية و المالية و القضائية |c سيد محمد السيد. |
| 901 | |a reviewed | ||
| 942 | |c BK |2 lcc | ||
